000 00529cam a2200205 4500
001 D7131
008 090401t1978 xxu||||| |||| 00| 0 eng d
035 _a(Sirsi) u5327
041 _aeng
050 _a697.07
100 _aMilner, R.M.
245 _aMaintenance and operating costs of modern boilers
260 _aGarston, Watford
_bBuilding Research Establishment
_c1978
300 _a10p. 30cm
350 _a0
490 _aBRE Current Paper
_v59/78
700 _aWordsworth, R.C.
942 _n0
948 _c04/03/1997
999 _c86160
_d86160